00880nam a22002532a 450000100060000000300080000600500170001400800410003103500190007204000280009104100080011908200220012710000330014924501190018226000410030130000280034250000370037050000530040750000430046050400190050365000310052265100480055370000250060128366BD-RJUL20211209051255.0140330s1933 enkabeh 001 0 eng d a(BD-RJUL)28447 aDLCcCLEdOCLdEQObeng aeng a942.073bDEN 19331 aDesbrière, Edouard,d1859-14aThe naval campaign of 1805 :bTrafalgar /cÉdouard Desbrière. Translated and edited by Constance EastwicknV-2 aOxford :bThe Clarendon Press,c1933 a444 P. :bill. ;c24 cm aFolded maps and plans in pockets aErrata slip inserted (v. 1, between p. xx & xxi) aVol. 2 contains appendixes (documents) aincludes index 0aTrafalgar, Battle of, 1805 0aGreat BritainxHistory, Navaly19th century1 aEastwick, Constance.